000 00986 a2200217 4500
001 63936
005 20260521160826.0
008 260521a1984 arg spa d
003 AR-UNSa-BCEJYS
040 _aAR-UNSa-BCEJYS
_bspa
_cAR-UNSa-BCEJYS
080 _a658.15
_xAdministración financiera privada. Gestión financiera de empresas
245 1 0 _aCuadernos de administración financiera
250 _a2a. ed.
264 1 _aSanta Fe :
_bUniversidad Nacional del Litoral. Facultad de Ciencias Económicas
_c1984
300 _a181 p.
_c29 cm.
505 _aVol. I: 1. La función Financiera - 2. El contexto - 3. El capital de trabajo - 4. El manejo de las disponibilidades - 5. La cartera de créditos - 6. Administración de inventarios - 7. Financiación a corto plazo - 8. Planeamiento a corto plazo - 9. Planeamiento a largo plazo y su financiación -
041 _aspa
942 _cBK
590 _aniveau_biblio:m niveau_hierar:0
100 1 _aCandioti, Eduardo María
999 _c36421
_d36421